Word Blends Quiz Stats

Quiz Updated Oct 16, 2012

Also try: Kangaroo Words
Challenge
Share
Tweet
Embed
Score 0/28 Timer 04:00
1 Play Today
Components Blended Word (Portmanteau Word) % Correct
Spoon+ForkSpork
93%
Smoke+FogSmog
92.8%
Breakfast+LunchBrunch
92.5%
Motor+HotelMotel
92%
Twist+WhirlTwirl
91.2%
Snappy+JazzySnazzy
90.9%
Prim+SissyPrissy
90.2%
Spanish+EnglishSpanglish
90.2%
Splash+SurgeSplurge
88.4%
Squirm+WriggleSquiggle
86.9%
Sky+HijackSkyjack
86.8%
Dumb+ConfoundDumbfound
86.7%
Television+MarathonTelethon
86%
Splash+SpatterSplatter
85.1%
Components Blended Word (Portmanteau Word) % Correct
Fourteen+NightsFortnight
80.6%
Motor+CavalcadeMotorcade
73.5%
Tangerine+PomeloTangelo
64.6%
Huge+MonstrousHumongous
64.2%
Internal+CommunicationIntercom
63.6%
Motor+PedalMoped
59.1%
Slop+SlushSlosh
58.1%
Cybernetic+OrganismCyborg
55.2%
Electricity+ExecuteElectrocute
55.1%
Chuckle+SnortChortle
54.7%
Naphthene+PalmitateNapalm
40.1%
God+Be(With)+YeGoodbye
31.1%
Picture+ElementPixel
26.8%
Binary+DigitBit
25.1%

You're not logged in!

Compare scores with friends on all Sporcle quizzes.
Sign Up with Email
OR
Log In

You Might Also Like...

Show Comments

Extras

Top Quizzes Today


Score Distribution

Your Account Isn't Verified!

In order to create a playlist on Sporcle, you need to verify the email address you used during registration. Go to your Sporcle Settings to finish the process.